Encyclopedia of human resource development (set of 9 volumes) : the global HR manager creating the seamless organization, vol 6

Bibliographic Details
Other Authors: Joynt, Pat, Morton, Bob
Format: Book
Published: Mumbai : Jaico Publishing House , 2004
Subjects:

MARC

LEADER 00000cam a2200000 7i4500
001 0000018224
005 20080611.0
008 080604
020 |a 8179921387 
090 0 0 |a 658.303   |b ENC 
245 1 0 |a Encyclopedia of human resource development (set of 9 volumes) :   |b the global HR manager creating the seamless organization, vol 6   |c edited by Pat Joynt, Bob Morton 
260 |a Mumbai :   |b Jaico Publishing House ,   |c 2004 
650 0 |a Human resource management   |x Encyclopedia and dictionary 
650 0 |a Personal management   |x Encyclopedia and dictionary 
700 1 |a Joynt, Pat 
700 1 |a Morton, Bob 
999 |a 0000896804   |b Book   |c REFERENCE   |e Cawangan Tmn. Ungku Tun Aminah 
999 |a 0000896807   |b Book   |c REFERENCE   |e Cawangan Segamat 
999 |a 0001020269   |b Book   |c Adult Collection   |e Cawangan Urban Transformation Centre 
999 |a 0001020270   |b Book   |c REFERENCE   |e Perbadanan Perpustakaan Awam Johor